| 000 | 01238cam a2200337 a 4500 | ||
|---|---|---|---|
| 001 | 2109161 | ||
| 003 | USPCAS-E | ||
| 005 | 20180118181420.0 | ||
| 008 | 961121s1997 enka b 001 0 eng | ||
| 010 | _a 96049979 | ||
| 020 | _a0471968218 | ||
| 040 |
_aDLC _cDLC _dDLC |
||
| 050 | 0 | 0 |
_aTA658 _b.S634 1997 |
| 082 | 0 | 0 |
_a624.1771 _221 _bSOO-P 1997 |
| 100 | 1 | _aSoong, T. T. | |
| 245 | 1 | 0 |
_aPassive energy dissipation systems in structural engineering / _cT.T. Soong, G.F. Dargush. |
| 260 |
_aChichester ; _aNew York : _bWiley, _cc1997. |
||
| 300 |
_ax, 356 p. : _bill. ; _c24 cm. |
||
| 502 | _a. | ||
| 504 | _aIncludes bibliographical references and indexes. | ||
| 650 | 0 | _aStructural design. | |
| 650 | 0 | _aStructural dynamics. | |
| 650 | 0 | _aForce and energy. | |
| 700 | 1 | _aDargush, Gary F. | |
| 856 | 4 | 2 |
_3Publisher description _uhttp://www.loc.gov/catdir/description/wiley036/96049979.html |
| 856 | 4 |
_3Table of Contents _uhttp://www.loc.gov/catdir/toc/onix07/96049979.html |
|
| 906 |
_a7 _bcbc _corignew _d1 _eocip _f19 _gy-gencatlg |
||
| 942 |
_2ddc _cBK |
||
| 999 |
_c355983 _d355983 |
||